000 00948nam a22002897a 4500
001 00321
003 DO-SdBNP
005 20241028113927.0
007 00321
008 160509b mx 2001 || |||| 00| 0 spa d
020 _a9684039700
040 _aBPMSU
_bspa
_cBPMSU
082 _a372.5
_bG216i 2001
_222
100 1 _aGarcía Davids, Gretel
245 1 0 _aInventos y reciclajes /
_cGretel García Davids, Eduardo Torrijos Ocádiz
246 1 4 _aInventos y reciclajes :
_bdiseña tus juguetes con latas, plásticos, cartón y otros materiales
260 0 _aMéxico :
_bSelector ;
_c2001
300 _a172 p. :
_bil. ;
_c20 cm.
490 0 _aManualidades
590 _aInventariado, 2024/VM
650 4 _aArte infantil
_xEnseñanza
650 4 _aTrabajos manuales (Educación)
_x
_x
700 1 _aTorrijos Ocádiz, Eduardo
_eautor
700 1 2 _aSuárez, Francisco,
_eil.
910 _aVMateo V. Control de calidad BPMSU
942 _2ddc
_cBK
999 _c14840
_d14840